000 00633am a2200265a 44500
003 AR-BaBNM
005 20251128210844.0
008 271020s1996 #AR|||||||||||000 | spa||
020 _a84-305-8070-0
040 _cAR-BaBNM
100 1 _aBorton, Paula
245 1 0 _aPilas e imanes
260 _aMadrid
_bSusaeta Ediciones
_c1996
300 _a32 p.
_bil.
490 0 _aManualidades
650 4 _aEDUCACION ARTISTICA
650 4 _aARTESANIAS
650 4 _aMAGNETISMO
650 4 _aELECTRONICA
653 _aMANUALIDADES
653 _aEDUCACION TECNOLOGICA
700 1 _aCave, Vicky
942 _cBK
998 _cRAQUEL
999 _c17191
_d17191